Guy Ritchie Filmography - Statistics

General Stats
  • This quiz has been taken 63 times
  • The average score is 6 of 21
Answer Stats
Hint Answer % Correct
2000 Snatch
98%
1998 Lock, Stock and Two Smoking Barrels
81%
2019 The Gentleman
79%
2009 Sherlock Holmes
60%
2008 RocknRolla
48%
2019 Aladdin
42%
2005 Revolver
40%
2015 The Man From U.N.C.L.E.
37%
2002 Swept Away
35%
2021 Wrath of Man
33%
2017 King Arthur: Legend of the Sword
25%
2011 Sherlock Holmes: A Game of Shadows
25%
TBD The Ministry of Ungentlemanly Warfare
15%
2022 Operation Fortune: Ruse de guerre
13%
2025 Aladdin 2
6%
2001 Mean Machine
6%
TBD Cascade
0%
2022 Detective Inspector
0%
2013 Perdedores Natos
0%
2007 Suspect
0%
TBD The interpreter
0%
No matching quizzes found
Score Distribution
Percent of People with Each Score
Percentile by Number Answered
Your Score History
You have not taken this quiz